Tomodachi Life Locations - Statistics

General Stats
  • This quiz has been taken 121 times
  • The average score is 16 of 23
Answer Stats
Type Location % Correct
Store Clothing
92%
Store Food Mart
92%
Residence Mii Homes
88%
Residence Mii Apartments
87%
Mii Entertainment Beach
84%
Store Hats
84%
Mii Entertainment Observation Tower
84%
Mii Entertainment Amusement Park
82%
Mii Entertainment Park
82%
Mii Entertainment Café
77%
Store Interiors
77%
Player Entertainment Concert Hall
70%
Mii Entertainment Fountain
69%
Player Entertainment Mii News
64%
Player Entertainment Photo Studio
63%
Store Pawn Shop
58%
Streetpass Campground
54%
Player Entertainment Town Hall
53%
Store Import Wear
48%
Player Entertainment Rankings Board
47%
Streetpass Port
45%
Player Entertainment Compatibility Tester
43%
Other Nintendo 3DS Image Share
20%
No matching quizzes found
Score Distribution
Percent of People with Each Score
Percentile by Number Answered
Your Score History
You have not taken this quiz